Les biens.

Guardat en:
Dades bibliogràfiques
Autor principal: Malaurie, Philippe (auteur)
Altres autors: Aynès, Laurent (auteur)
Format: Llibre
Publicat: Paris, France: LGDJ, lextenso éditions, 2015.
Edició:6e édition.
Col·lecció:Droit civil.
Matèries:
Etiquetes: Afegir etiqueta
Sense etiquetes, Sigues el primer a etiquetar aquest registre!

MARC

LEADER 00000nam a22000007a 4500
003 CL-VaPUC
005 20220822114745.0
008 220728t1995 ||||| |||| 00| 0 eng d
999 |c 437743  |d 437741 
020 |a 978-2-275-04273-2 
022 |a 1958-9905 
040 |c Pontificia Universidad Católica de Valparaíso 
082 |a 346.04 MAL 2015 
100 |a Malaurie, Philippe  |9 588492  |e auteur 
245 1 4 |a Les biens.  
250 |a 6e édition. 
260 |a Paris, France:  |b LGDJ, lextenso éditions,   |c 2015. 
300 |a 428 páginas.  
490 |a Droit civil.  
500 |a c.1 Donación Familia Prof. Alejandro Guzmán Brito. 
583 |c 20220728  |k Cristina María Rojas Aguilar 
650 |a Propiedad   |z Francia   |9 867705 
650 |a Derecho civil   |z Francia   |9 872682 
650 |a Bienes   |x Derecho  |z Francia  |9 872045 
700 |a Aynès, Laurent  |e auteur  |9 874326 
942 |2 ddc  |c BK  |n 0 
952 |0 0  |1 0  |2 ddc  |4 0  |6 346_040000000000000_MAL_2015  |7 0  |8 C_AGB  |9 585540  |a BIBDER  |b BIBDER  |d 2022-07-28  |e Donación   |i 5653519  |o 346.04 MAL 2015  |p 5653519  |r 2023-01-25  |t 1  |w 2022-07-28  |y BK_US  |k AGB